00610 2200229 4500001002100000005001500021035002000036245005800056100001900114250001000133300002100143700002500164700002500189260003000214082001100244084001700255020002200272650001700294008004100311990001400352990001400366INLIS00000000000204320260428083835 a0010-04260000421 aPancasila Dalam Pusaran Globalisasi /cDominikus Rato0 aDominikus Rato aCet I a440 hlm ;c23 cm0 aDina Tsalist Wildana0 aMuhammad Bahrul Ulum aYogyakarta :bLKis,c2017 a181.16 a181.16 DOM p a978-602-6610-22-5 4aIlmu Politik260428 0 ind  a201700251 a201700250